00916nam a2200241 a 4500001001000000005001700010008004100027041000800068044000700076050002000083100001400103245022300117260003100340300003800371500000800409600002800417610005000445650004300495650003800538650003900576650003400615700002500649BRCA_824120190320210206.0260514s1929----sp-a###f##---#001-0#spa-# aspa asp 4aN5811b.H8 19291 aHuici, S.10aEl santuario de San Miguel de Excelsis (Navarra) y su retablo esmaltadobestudio comparativo entre los esmaltes de San Miguel y los más importantes que existen en España y en el extranjerocS. Huisti y V. Juaristi. aMadridbEspasa-Calpec1929 a181 p.bil., 98 láminasc38 cm. aT6714aMiguel, SancArcángel24aIglesia de Excelsisy1032-zNavarra, España14aRetablosySiglo XIIzNavarra, España14aRetablosvEstudio y comparación14aArte románicozNavarra, España14aArte sacrozNavarra, España1 aJuaristi, V.ecoaut.